|
|
|
|
| LEADER |
00000nab a2200000 a 4500 |
| 001 |
vtls000622156 |
| 003 |
SK-MaSNL |
| 005 |
20260304221146.0 |
| 008 |
250425c1996 xo 0 slo |
| 015 |
|
|
|a SNBRB19rr/mm-uuuuu
|
| 035 |
|
|
|a CL0622295
|
| 035 |
|
|
|a urn:nbn:sk:snk-abgg1
|
| 035 |
|
|
|a (urnnbn)urn:nbn:sk:snk:ar-a036z4
|
| 035 |
|
|
|a (uuid)c06a706e-f2b7-4d81-89ad-db5c7ebee729
|
| 040 |
|
|
|a SNKBUCL
|b slo
|c SNKBUCL
|e AACR2
|
| 041 |
0 |
|
|a slo
|
| 044 |
|
|
|a xo
|c SK
|
| 080 |
|
|
|a 397(048)
|2 1981
|
| 100 |
1 |
|
|a Kumanová, Zuzana,
|d 1970-
|4 aut
|9 56164
|
| 245 |
1 |
0 |
|a Eva Davidová: Cesty Romů - Romano drom 1945-1990
|c Zuzana Kumanová
|
| 650 |
0 |
7 |
|a Rómovia
|2 snkbucl
|9 1702
|
| 655 |
|
7 |
|a články z novín a časopisov
|2 snkbucl
|9 267496
|
| 700 |
1 |
|
|a Davidová, Eva,
|d 1932-2018
|4 aut
|9 216883
|
| 773 |
0 |
|
|t Slovenský národopis
|g Roč. 44, č. 2 (1996), s. 270-271
|x 1335-1303
|
| 787 |
0 |
8 |
|i Rec.:
|a Davidová, Eva
|t Cesty Romů - Romanodrom 1945-1990
|d Olomouc : Univerzita Palackého, 1995
|
| 850 |
|
|
|a Slovenská národná knižnica
|
| 852 |
|
|
|a Slovenská národná knižnica
|
| 954 |
|
|
|a odborná, vedecká literatúra pôvodná (slovenská)
|2 lita
|
| 958 |
|
|
|a article27
|
| 958 |
|
|
|a RK
|
| 958 |
|
|
|a OND
|
| 958 |
|
|
|a EUIPO
|
| 992 |
|
|
|a RBX
|
| 999 |
|
|
|c 3156321
|d 3158251
|